|
|
|
|
| LEADER |
00000nam0a2200000 4500 |
| 001 |
81180 |
| 005 |
20231101213144.0 |
| 020 |
|
|
|a RU
|b 88-17844
|
| 035 |
|
|
|a (RuTPU)RU\TPU\book\87276
|
| 090 |
|
|
|a 81180
|
| 100 |
|
|
|a 20050917d1988 m y0rusy5003 ca
|
| 101 |
1 |
|
|a rus
|c eng
|
| 102 |
|
|
|a RU
|
| 105 |
|
|
|a a z 000ay
|
| 200 |
1 |
|
|a Рассказы
|e пер. с англ.
|f О. Генри, М. Твен
|g худож. С. Г. Гончаренко
|
| 210 |
|
|
|a Томск
|c Томское кн. изд-во
|d 1988
|
| 215 |
|
|
|a 446,[1] с.
|c ил.
|
| 464 |
|
|
|t Стриженный волк
|o рассказы
|f О. Генри
|
| 464 |
|
|
|t Письмо ангела-хранителя
|o рассказы
|f М. Твен
|
| 606 |
1 |
|
|a Американская литература (англо-язычная литература)
|2 stltpush
|3 (RuTPU)RU\TPU\subj\28887
|9 52349
|
| 610 |
1 |
|
|a проза
|
| 610 |
1 |
|
|a рассказы
|
| 675 |
|
|
|a 82
|z rus
|
| 700 |
|
1 |
|a Генри
|b О.
|c настоящее имя Уильям Сидни Портер
|c американский писатель
|f 1862-1910
|2 stltpush
|3 (RuTPU)RU\TPU\pers\16159
|9 5720
|
| 701 |
|
1 |
|a Твен
|b М.
|c американский писатель
|c настоящие имя и фамилия Самюэл Ленгхорн Клеменс
|f 1835-1910
|g Марк
|2 stltpush
|3 (RuTPU)RU\TPU\pers\15890
|9 5545
|
| 702 |
|
1 |
|a Гончаренко
|b С. Г.
|4 440
|
| 801 |
|
0 |
|a RU
|b RuMRKP
|c 19950417
|g psbo
|
| 801 |
|
1 |
|a RU
|b 63413507
|c 20050917
|g PSBO
|
| 801 |
|
2 |
|a RU
|b 63413507
|c 20221117
|g PSBO
|
| 942 |
|
|
|c BK
|